00666nam a2200241 a 4500001001300000003000900013005001700022008004100039020001000080082001300090100001500103245005300118260002800171300000800199500003500207505001000242650001600252700001500268902000800283942000700291952011300298999001300411nice12345678IN_TiNIC20260116011308.0050524s0000 laha grp 000 0 urd  ac10000a239bALT aAlter, D E aYesu Masih Khuda Ka Beta Kis Tarah Ho Sakta Hai? aLahorebB S Pressc0000 a48p aincludes index and biblioraphy2 aIndex aApologetics1 aAlter, D E bSRS cBK 001040708StackRoom-aHMIbHMId2007-06-21g100.00l0o239 ALTp04426r2007-06-21v100.00w2005-05-24yBK c257d257